Los grandes problemas de México : microeconomía /
Obra que, en 16 volúmenes, analiza y describe los grandes problemas que enfrenta el país en este comienzo de siglo y ofrece una prospectiva sobre su posible evolución para los próximos años.
Salvato in:
| Autore principale: | |
|---|---|
| Altri autori: | , |
| Natura: | Libro |
| Lingua: | spagnolo |
| Pubblicazione: |
México :
El Colegio de México,
2010, c2010
|
| Serie: | (Los Grandes Problemas de México ;
10) |
| Soggetti: | |
| Tags: |
Nessun Tag, puoi essere il primo ad aggiungerne!!
|
MARC
| LEADER | 00000nam^a2200000^a^4500 | ||
|---|---|---|---|
| 001 | 000371991 | ||
| 005 | 20250521000000.0 | ||
| 009 | 20260310115946.371 | ||
| 020 | |a 978-607-462-171-6 | ||
| 020 | |a 978-607-462-111-2 | ||
| 037 | |a Acervo Xavier Clavigero | ||
| 041 | |a ESP | ||
| 082 | |a 320. 97207 |b ORD V. 10 | ||
| 100 | |a Ordorica, Manuel |e (coord. general) | ||
| 240 | 1 | 5 | |a [Los grandes problemas de México] |
| 245 | 1 | 4 | |a Los grandes problemas de México : |b microeconomía / |c Coord. general de M. Ordorica, J.F. Prud'homme ; coord. de A. Castañeda Sabido. |
| 264 | 4 | |a México : |b El Colegio de México, |c 2010, c2010 | |
| 300 | |a 486 p. | ||
| 336 | |a texto |b txt |2 rdacontenido | ||
| 337 | |a sin mediación |b n |2 rdamedio | ||
| 338 | |a volumen |b nc |2 rdasoporte | ||
| 440 | 5 | |a (Los Grandes Problemas de México ; |v 10) | |
| 520 | |a Obra que, en 16 volúmenes, analiza y describe los grandes problemas que enfrenta el país en este comienzo de siglo y ofrece una prospectiva sobre su posible evolución para los próximos años. | ||
| 649 | |a XX | ||
| 650 | |a Telecomunicaciones - |z México - |x Aspectos Económicos | ||
| 650 | |a Recursos Energéticos No Renovables - |z México | ||
| 650 | |a Servicios Médicos y de Salud - |z México | ||
| 650 | |a Salud Pública - |z México | ||
| 650 | |a Seguridad Social - |z México | ||
| 650 | |a Apertura Comercial e Integración Económica - |z México | ||
| 650 | |a Crédito - |z México | ||
| 650 | |a Competencia (Economía) - |z México | ||
| 650 | |a Problemas Sociales - |z México - |x Tema Principal | ||
| 650 | |a Economía - |z México - |x Tema Principal | ||
| 650 | |a Política Económica - |z México | ||
| 650 | |a Políticas Públicas - |z México | ||
| 650 | |a Política - |z México - |x Historia - |y Siglo XXI | ||
| 650 | |a México - |x Historia - |y Siglo XXI - |x Tema Principal | ||
| 700 | |a Prud'homme, Jean-François |e (coordinación general) | ||
| 700 | |a Castañeda Sabido, Alejandro |e (coordinación) | ||
| 910 | |a Fondo General | ||
| 920 | |a Impresos - Libros | ||
| 930 | |a Colección General | ||
| 905 | |a 101 | ||
| 901 | |a 0500266360 |b IT1 |c ACC |i FXC D2391 |u 20250521 | ||
| 902 | |a https://opac.biblio.iteso.mx/vufind/Record/000371991 | ||